Statistics for T.I. Albums

Click here to take the quiz!

General Stats

  • This quiz has been taken 5 times
    (4 since last reset)
  • The average score is 7 of 10

Answer Stats

YearAnswer% Correct
2001I'm Serious
100%
2006King
100%
2008Paper Trail
100%
2007T.I. vs. T.I.P.
100%
2003Trap Muzik
100%
2012Trouble Man: Heavy is the Head
67%
2004Urban Legend
67%
2010No Mercy
33%
2014Paperwork
0%
2016Us Or Else: Letter to the System
0%

Score Distribution

Percentile by Number Answered

Percent of People with Each Score

Your Score History

You have not taken this quiz since the last reset